000
00306nam a22001457a 4500
008
230508b ||||| |||| 00| 0 eng d
020
_a
9780446576437
041
_a
eng
080
_a
94
082
_a
94LES
100
_a
28
101
_a
HISTORY
245
_a
REPUBLIC,LOST
_c
LESSIG,L
942
_2
udc
_c
BK
999
_c
59676
_d
59676